[Event "BCF-chT2 2324 (4NCL)"]
[Site "England"]
[Date "2024.01.14"]
[Round "4.2"]
[White "Chan, Nevil"]
[Black "Moyse, Nigel John"]
[Result "1-0"]
[WhiteElo "1990"]
[BlackElo "1920"]
[PlyCount "59"]
[EventDate "2023.11.11"]
[EventType "team-tourn"]
[EventRounds "11"]
[EventCountry "ENG"]
[SourceTitle "CB11_2024"]
[SourceDate "2024.03.13"]
[SourceVersion "1"]
[SourceVersionDate "2024.03.13"]
[SourceQuality "1"]
[WhiteTeam "Cambridge University"]
[BlackTeam "Schach Attack"]
[WhiteTeamCountry "ENG"]
[BlackTeamCountry "ENG"]

1. d4 d6 2. Nc3 g6 3. Nf3 Bg7 4. e4 c6 5. a4 a5 6. Be2 Na6 7. 0-0 Nf6 8. h3 0-0 9. Be3 Nb4 10. Ne1 e5 11. dxe5 dxe5 12. Bc4 Qe7 13. Nd3 Nxd3 14. Qxd3 Rd8 15. Bc5 Rxd3 16. Bxe7 Rxc3 17. bxc3 Nxe4 18. Rfd1 Bf5 19. g4 Be6 20. Bxe6 fxe6 21. Rd8+ Rxd8 22. Bxd8 Nxc3 23. Bxa5 Ne2+ 24. Kf1 Nd4 25. Bc3 Nxc2 26. Rb1 b5 27. a5 Bf8 28. a6 Bc5 29. Rc1 Na3 30. Bb4 1-0

[Event "BCF-chT3E 2223 (4NCL)"]
[Site "England"]
[Date "2023.02.11"]
[Round "5.53"]
[White "Larchikov, Maksym"]
[Black "Chan, Nevil"]
[Result "0-1"]
[WhiteElo "2071"]
[BlackElo "2001"]
[PlyCount "74"]
[EventDate "2022.11.05"]
[EventType "team-tourn"]
[EventRounds "11"]
[EventCountry "ENG"]
[SourceTitle "EXT 2024"]
[Source "ChessBase"]
[SourceDate "2023.10.10"]
[SourceVersion "1"]
[SourceVersionDate "2023.10.10"]
[SourceQuality "1"]
[WhiteTeam "Hull & East Riding Tigers"]
[BlackTeam "Cambridge University II"]
[WhiteTeamCountry "ENG"]
[BlackTeamCountry "ENG"]

1. d4 b6 2. e4 Bb7 3. Bd3 Nf6 4. Nd2 e6 5. Ngf3 c5 6. c3 Be7 7. 0-0 Nc6 8. Re1 d6 9. Rb1 Qc7 10. d5 exd5 11. exd5 Ne5 12. Nxe5 dxe5 13. c4 0-0 14. g4 g6 15. g5 Ne8 16. Nf1 Bc8 17. Qe2 Bd6 18. Ng3 f5 19. gxf6 Nxf6 20. Bg5 Bh3 21. Be4 Rae8 22. Rbc1 Qd7 23. Rc3 Bg4 24. Qe3 Nh5 25. Bg2 Nxg3 26. fxg3 Bh3 27. Rcc1 Bxg2 28. Kxg2 Qg4 29. h3 Qd4 30. Qe2 e4 31. Rc3 Rf3 32. Re3 Bxg3 33. Qxf3 exf3+ 34. Kxg3 Rxe3 35. Rxe3 h6 36. Bxh6 f2 37. Re8+ Kh7 0-1

[Event "BCF-chT 2223 (4NCL)"]
[Site "England"]
[Date "2023.01.15"]
[Round "4.4"]
[White "Chan, Nevil"]
[Black "Palliser, Richard"]
[Result "0-1"]
[WhiteElo "2012"]
[BlackElo "2395"]
[PlyCount "60"]
[EventDate "2022.10.22"]
[EventType "team-swiss"]
[EventRounds "11"]
[EventCountry "ENG"]
[SourceTitle "CBM 213 Extra"]
[Source "ChessBase"]
[SourceDate "2023.05.31"]
[SourceVersion "1"]
[SourceVersionDate "2023.05.31"]
[SourceQuality "1"]
[WhiteTeam "Cambridge University"]
[BlackTeam "Chessable White Rose"]
[WhiteTeamCountry "ENG"]
[BlackTeamCountry "ENG"]

1. d4 Nf6 2. Nc3 d5 3. Bg5 g6 4. e3 Bg7 5. Nf3 0-0 6. Be2 b6 7. 0-0 Bb7 8. Ne5 Ne8 9. Bf4 f6 10. Nf3 Nd7 11. a4 c5 12. Nb5 a6 13. Na3 e5 14. Bg3 cxd4 15. exd4 e4 16. Ne1 f5 17. f4 Nc7 18. Bf2 Ne6 19. Be3 g5 20. g3 gxf4 21. gxf4 Rf6 22. Ng2 Rh6 23. c3 Bf8 24. Nc2 Bd6 25. Kh1 Kh8 26. Qd2 Qf6 27. Bg1 Rh3 28. Rf2 Rf8 29. Raf1 Qh6 30. Nce3 Ng7 0-1

[Event "BCF-chT 2223 (4NCL)"]
[Site "England"]
[Date "2023.01.14"]
[Round "3.3"]
[White "Kueh, Audrey"]
[Black "Chan, Nevil"]
[Result "1-0"]
[WhiteElo "2123"]
[BlackElo "2012"]
[PlyCount "59"]
[EventDate "2022.10.22"]
[EventType "team-swiss"]
[EventRounds "11"]
[EventCountry "ENG"]
[SourceTitle "CBM 213 Extra"]
[Source "ChessBase"]
[SourceDate "2023.05.31"]
[SourceVersion "1"]
[SourceVersionDate "2023.05.31"]
[SourceQuality "1"]
[WhiteTeam "The Sharks"]
[BlackTeam "Cambridge University"]
[WhiteTeamCountry "ENG"]
[BlackTeamCountry "ENG"]

1. e4 b6 2. d4 Bb7 3. Bd3 Nf6 4. Qe2 Nc6 5. c3 e5 6. Nf3 d6 7. 0-0 Be7 8. a4 a6 9. d5 Nb8 10. a5 0-0 11. axb6 cxb6 12. Be3 Nfd7 13. Nbd2 Qc8 14. Nc4 b5 15. Na5 Bd8 16. c4 Bxa5 17. Rxa5 Qc7 18. Rfa1 bxc4 19. Bxc4 Rc8 20. Bd3 Nb6 21. Nd2 N8d7 22. Bxa6 Bxa6 23. Rxa6 Rxa6 24. Rxa6 Nc5 25. Ra1 Nbd7 26. b4 Nb7 27. Ra7 Rb8 28. Qb5 Qc1+ 29. Nf1 Qc8 30. Qc6 1-0

[Event "BCF-chT 2223 (4NCL)"]
[Site "England"]
[Date "2022.10.22"]
[Round "1.1"]
[White "Boswell, Jacob Connor"]
[Black "Chan, Nevil"]
[Result "1-0"]
[WhiteElo "2110"]
[BlackElo "2012"]
[PlyCount "225"]
[EventDate "2022.10.22"]
[EventType "team-swiss"]
[EventRounds "11"]
[EventCountry "ENG"]
[SourceTitle "CBM 210 Extra"]
[Source "ChessBase"]
[SourceDate "2022.11.30"]
[SourceVersion "1"]
[SourceVersionDate "2022.11.30"]
[SourceQuality "1"]
[WhiteTeam "Cheddleton"]
[BlackTeam "Cambridge University"]
[WhiteTeamCountry "ENG"]
[BlackTeamCountry "ENG"]

1. d4 b6 2. e4 Bb7 3. Bd3 Nf6 4. Qe2 Nc6 5. c3 e5 6. d5 Ne7 7. a4 a6 8. h4 h5 9. Nh3 Ng6 10. g3 c6 11. c4 Bb4+ 12. Kf1 Qe7 13. Kg2 d6 14. Na3 a5 15. Nc2 Bc5 16. Bg5 Nf8 17. f3 N8h7 18. Rhb1 Nxg5 19. Nxg5 Nd7 20. b4 axb4 21. Nxb4 Bxb4 22. Rxb4 c5 23. Rb3 Ra5 24. Rb5 Rxb5 25. axb5 Nf6 26. f4 0-0 27. Ra7 Ng4 28. Qa2 Rb8 29. Qa6 Qc7 30. Be2 Nf6 31. fxe5 dxe5 32. Bf3 Ne8 33. Bxh5 Nd6 34. Qa2 g6 35. Bf3 Qd8 36. Be2 Ra8 37. Bd3 Qb8 38. Rxa8 Qxa8 39. Qb2 Qe8 40. Qf2 Qe7 41. Qa2 Bc8 42. Qa1 Kg7 43. Nf3 f6 44. Kf2 Nf7 45. Bf1 Nd6 46. Ke3 Nf7 47. Be2 Qc7 48. Kd3 Kf8 49. Nd2 Nd6 50. Nb1 Qb8 51. g4 Nf7 52. Nc3 Kg7 53. Bf3 Bd7 54. Be2 Nd6 55. Nd1 Nf7 56. Ne3 Bc8 57. Kc2 Nd6 58. Bf3 Nf7 59. Kb3 Bd7 60. Nd1 Kg8 61. Nf2 Kg7 62. Nd3 Kg8 63. Be2 Kg7 64. Qc3 Kg8 65. Qe1 Kg7 66. Nb2 Qd6 67. Qg3 g5 68. Na4 gxh4 69. Qxh4 Ng5 70. Qh1 Be8 71. Nc3 Bd7 72. Qa1 Qb8 73. Kc2 Nf7 74. Kd3 Nd6 75. Nd1 Nf7 76. Ne3 Ng5 77. Qa6 Bc8 78. Qa2 Bd7 79. Qa3 Bc8 80. Qa1 Bd7 81. Qa4 Nf7 82. Bd1 Bc8 83. Qa1 Bd7 84. Bf3 Ng5 85. Be2 Nf7 86. Nf1 Ng5 87. Ng3 Bc8 88. Qf1 Qd6 89. Nh5+ Kg6 90. Ke3 Bd7 91. Qa1 Qb8 92. Kd3 Bc8 93. Ng3 Kg7 94. Nf1 Nf7 95. Ne3 Bd7 96. g5 Nxg5 97. Bg4 Bxg4 98. Nxg4 Nh7 99. Ne3 Ng5 100. Nf5+ Kg8 101. Qa6 Qd8 102. Qc8 Nf7 103. Ne7+ Kf8 104. Qxd8+ Nxd8 105. Nc8 Nb7 106. Nxb6 Ke7 107. Na4 Kd6 108. Nc3 Na5 109. Ne2 Nb3 110. Ng3 Nd4 111. Nh5 f5 112. exf5 Nxf5 113. Nf6 1-0

[Event "BCF-chT3Sb 1920 (4NCL)"]
[Site "England"]
[Date "2019.11.10"]
[Round "2.66"]
[White "Chan, Nevil"]
[Black "Gibbs, Dominic V"]
[Result "1/2-1/2"]
[WhiteElo "2023"]
[BlackElo "1930"]
[PlyCount "39"]
[EventDate "2019.11.09"]
[EventType "team-tourn"]
[EventRounds "11"]
[EventCountry "ENG"]
[SourceTitle "EXT 2023"]
[Source "ChessBase"]
[SourceDate "2022.10.05"]
[SourceVersion "1"]
[SourceVersionDate "2022.10.05"]
[SourceQuality "1"]
[WhiteTeam "Cambridge University II"]
[BlackTeam "Iceni"]
[WhiteTeamCountry "ENG"]
[BlackTeamCountry "ENG"]

1. d4 g6 2. e4 Bg7 3. c3 d6 4. Nf3 Nd7 5. Bd3 e5 6. 0-0 Ne7 7. Be3 0-0 8. Nfd2 d5 9. dxe5 Nxe5 10. Be2 dxe4 11. Nxe4 Qxd1 12. Rxd1 f5 13. Ng5 h6 14. Nf3 Nxf3+ 15. Bxf3 c6 16. Nd2 Be6 17. Nb3 Bd5 18. Bxd5+ Nxd5 19. Bd4 Bxd4 20. Nxd4 1/2-1/2

[Event "BCF-chT3Sa 1819 (4NCL)"]
[Site "England"]
[Date "2019.02.10"]
[Round "6.23"]
[White "Chan, Nevil"]
[Black "Brown, Alan M"]
[Result "1-0"]
[WhiteElo "2002"]
[BlackElo "2055"]
[PlyCount "95"]
[EventDate "2018.11.17"]
[EventType "team-tourn"]
[EventRounds "7"]
[EventCountry "ENG"]
[SourceTitle "EXT 2021"]
[Source "ChessBase"]
[SourceDate "2020.10.23"]
[SourceVersion "1"]
[SourceVersionDate "2020.10.23"]
[SourceQuality "1"]
[WhiteTeam "Cambridge University II"]
[BlackTeam "MK Phoenix"]
[WhiteTeamCountry "ENG"]
[BlackTeamCountry "ENG"]

1. d4 d5 2. Nc3 Nf6 3. Bg5 Nbd7 4. Nf3 e6 5. e3 Be7 6. Bd3 c5 7. 0-0 0-0 8. Ne5 h6 9. Bh4 Nxe5 10. dxe5 Nd7 11. Bxe7 Qxe7 12. f4 f6 13. Qh5 Rd8 14. Nb5 Nf8 15. Nd6 Bd7 16. Rf3 Be8 17. Nxe8 Rxe8 18. c3 Qf7 19. Qxf7+ Kxf7 20. exf6 Kxf6 21. e4 Rad8 22. Re1 Kf7 23. exd5 exd5 24. Rfe3 Rxe3 25. Rxe3 Nd7 26. Kf2 Nf6 27. Kf3 Rd7 28. Re5 b6 29. g4 Re7 30. Rxe7+ Kxe7 31. g5 hxg5 32. fxg5 Nd7 33. Kf4 Kd6 34. h4 Ne5 35. Bf5 d4 36. cxd4 cxd4 37. h5 d3 38. h6 d2 39. Bc2 gxh6 40. gxh6 Ke6 41. h7 Nf7 42. Ke3 Ke5 43. Kxd2 Kd4 44. Bg6 Nh8 45. Bh5 b5 46. Kc2 a5 47. Kb3 Kd3 48. Be8 1-0

[Event "BCF-chT3Sa 1718 (4NCL)"]
[Site "England"]
[Date "2018.03.24"]
[Round "7.44"]
[White "Chan, Nevil"]
[Black "Trevelyan, John"]
[Result "1-0"]
[WhiteElo "2015"]
[BlackElo "2023"]
[PlyCount "91"]
[EventDate "2017.11.11"]
[EventType "team-tourn"]
[EventRounds "11"]
[EventCountry "ENG"]
[SourceTitle "EXT 2020"]
[Source "ChessBase"]
[SourceDate "2019.10.17"]
[SourceVersion "1"]
[SourceVersionDate "2019.10.17"]
[SourceQuality "1"]
[WhiteTeam "Cambridge University II"]
[BlackTeam "Rhyfelwyr Essyllwg"]
[WhiteTeamCountry "ENG"]
[BlackTeamCountry "WLS"]

1. d4 d6 2. Nc3 e5 3. Nf3 Nd7 4. e4 Ngf6 5. Be2 Be7 6. h3 c6 7. a4 a5 8. Be3 Qc7 9. Qd3 0-0 10. 0-0 Re8 11. Rfe1 exd4 12. Bxd4 Ne5 13. Qd2 Nxf3+ 14. Bxf3 Be6 15. Rad1 Nd7 16. Be2 Rad8 17. f4 f5 18. exf5 Bxf5 19. Bh5 g6 20. Bf3 Bh4 21. Re2 Rxe2 22. Qxe2 Nf6 23. g3 Re8 24. Qg2 d5 25. gxh4 Ne4 26. Bxe4 Bxe4 27. Nxe4 Rxe4 28. Be5 Qb6+ 29. Kh2 Qe3 30. Rd2 Qe1 31. h5 Kf7 32. hxg6+ hxg6 33. b3 c5 34. Rf2 d4 35. h4 Ke7 36. h5 gxh5 37. Qg7+ Ke8 38. Qg6+ Ke7 39. Qd6+ Ke8 40. Qb8+ Ke7 41. Qxb7+ Ke8 42. Qc6+ Kf7 43. Qd7+ Kf8 44. Bd6+ Kg8 45. Rg2+ Kh8 46. Qg7# 1-0

[Event "BCF-chT2b 1617 (4NCL)"]
[Site "England"]
[Date "2016.11.19"]
[Round "1.62"]
[White "Chan, Nevil"]
[Black "Shaw, Peter"]
[Result "1/2-1/2"]
[WhiteElo "2031"]
[BlackElo "2093"]
[PlyCount "138"]
[EventDate "2016.11.19"]
[EventType "team-tourn"]
[EventRounds "11"]
[EventCountry "ENG"]
[SourceTitle "EXT 2019"]
[Source "ChessBase"]
[SourceDate "2018.10.10"]
[SourceVersion "1"]
[SourceVersionDate "2018.10.10"]
[SourceQuality "1"]
[WhiteTeam "Cambridge University"]
[BlackTeam "White Rose II"]
[WhiteTeamCountry "ENG"]
[BlackTeamCountry "ENG"]

1. d4 d5 2. Nc3 Nf6 3. Bg5 e6 4. Nf3 Be7 5. e3 c5 6. Bd3 Nc6 7. 0-0 0-0 8. Ne5 cxd4 9. Nxc6 bxc6 10. exd4 c5 11. dxc5 Bxc5 12. Qf3 Rb8 13. Rad1 Be7 14. b3 Qa5 15. a4 Bb7 16. Nb5 a6 17. Nd4 Rfe8 18. Qh3 h6 19. Bf4 Rbc8 20. Nf3 Qb4 21. Be5 Qg4 22. Qxg4 Nxg4 23. Bb2 Bb4 24. Ne5 Nxe5 25. Bxe5 f6 26. Bb2 e5 27. c4 d4 28. f3 Rb8 29. Bg6 Re7 30. Rd3 Bc6 31. Be4 Bxe4 32. fxe4 Bc3 33. Bxc3 Rxb3 34. Rff3 Rxc3 35. Rxc3 dxc3 36. Rxc3 Rc7 37. Kf2 Kf7 38. Ke3 Ke6 39. Rb3 Kd6 40. Kd3 Kc5 41. Rb8 Rd7+ 42. Kc3 Rd4 43. Rc8+ Kb6 44. Rg8 Rxe4 45. Rxg7 Re3+ 46. Kd2 Ra3 47. Rg6 Rxa4 48. Rxf6+ Kc5 49. Rxh6 Kd4 50. Rg6 Ra2+ 51. Kd1 Kxc4 52. h4 e4 53. h5 Kd3 54. Rd6+ Ke3 55. h6 Rxg2 56. Rxa6 Rg1+ 57. Kc2 Rh1 58. Rf6 Ke2 59. Rf4 e3 60. Rf6 Rh3 61. Kc1 Ke1 62. Kc2 e2 63. Kc1 Rh5 64. Kc2 Rc5+ 65. Kb2 Rc7 66. Kb1 Rb7+ 67. Kc2 Rc7+ 68. Kb2 Re7 69. Kc2 Rc7+ 1/2-1/2

[Event "Leaminton County-ch"]
[Site "Leamington Spa"]
[Date "2016.07.02"]
[Round "1.15"]
[White "Cooper, Gavyn"]
[Black "Chan, Nevil"]
[Result "1/2-1/2"]
[WhiteElo "1953"]
[BlackElo "2031"]
[PlyCount "120"]
[EventDate "2016.07.02"]
[EventType "team-match"]
[EventRounds "1"]
[EventCountry "ENG"]
[SourceTitle "CBM 173 Extra"]
[Source "ChessBase"]
[SourceDate "2016.08.29"]
[SourceVersion "1"]
[SourceVersionDate "2016.08.29"]
[SourceQuality "1"]
[WhiteTeam "Yorkshire"]
[BlackTeam "Middlesex"]
[WhiteTeamCountry "ENG"]
[BlackTeamCountry "ENG"]

1. Nf3 b6 2. e4 Bb7 3. Nc3 e6 4. d4 Bb4 5. Bd3 Nf6 6. Qe2 d5 7. e5 Ne4 8. Bd2 Nxd2 9. Qxd2 Ba6 10. Bxa6 Nxa6 11. a3 Be7 12. Ne2 c5 13. c3 c4 14. h4 h5 15. Ng5 g6 16. Qf4 Bxg5 17. hxg5 Rf8 18. g4 hxg4 19. Rh7 Qe7 20. Kf1 0-0-0 21. Kg2 Rd7 22. Rah1 Rg8 23. Ng3 Nc7 24. Rh8 Rxh8 25. Rxh8+ Rd8 26. Rh7 Rd7 27. Nf1 Ne8 28. Ne3 Qf8 29. Qh2 Kc7 30. Rh8 Qe7 31. Qh6 Kb7 32. Nxg4 Rc7 33. f4 Qd7 34. Qf8 Qb5 35. Qb4 Qd7 36. a4 a5 37. Qb5 Qxb5 38. axb5 Re7 39. Kf3 Nc7 40. Ke3 Nxb5 41. Nh6 a4 42. Kd2 Kc6 43. Ra8 Rc7 44. Rxa4 Na7 45. Ra1 b5 46. Ng8 b4 47. Ra4 bxc3+ 48. bxc3 Rb7 49. Kc2 Kd7 50. Ra6 Nc8 51. Ra8 Nb6 52. Rf8 Kc6 53. Nh6 Na4 54. Nxf7 Rb2+ 55. Kc1 Rf2 56. Nh8 Nxc3 57. Nxg6 Na2+ 58. Kb1 Kb7 59. Rf7+ Kb6 60. Rf8 Kb5 1/2-1/2

[Event "BCF-chT2d 1516 (4NCL) Demotion pool"]
[Site "England"]
[Date "2016.05.02"]
[Round "11.11"]
[White "Rabbitt, Michael"]
[Black "Chan, Nevil"]
[Result "1/2-1/2"]
[WhiteElo "2036"]
[BlackElo "2023"]
[PlyCount "134"]
[EventDate "2015.11.14"]
[EventType "team-tourn"]
[EventRounds "4"]
[EventCountry "ENG"]
[SourceTitle "EXT 2023"]
[Source "ChessBase"]
[SourceDate "2022.10.05"]
[SourceVersion "1"]
[SourceVersionDate "2022.10.05"]
[SourceQuality "1"]
[WhiteTeam "Brown Jack Witney"]
[BlackTeam "Cambridge II"]
[WhiteTeamCountry "ENG"]
[BlackTeamCountry "ENG"]

1. e4 b6 2. d4 Bb7 3. Nc3 e6 4. Bd3 Nf6 5. Nge2 d5 6. f3 Be7 7. Be3 0-0 8. exd5 Nxd5 9. Nxd5 exd5 10. 0-0 Re8 11. Qd2 Ba6 12. Bxa6 Nxa6 13. a4 c6 14. c3 Nc7 15. a5 b5 16. Nc1 Bd6 17. Nd3 Ne6 18. Qf2 Qc7 19. g3 Re7 20. Rfe1 Rae8 21. b4 Nf8 22. Bf4 Bxf4 23. Nxf4 Nd7 24. Rxe7 Rxe7 25. Re1 Qd8 26. Nd3 f6 27. Qc2 Rxe1+ 28. Nxe1 Qe7 29. Qd2 Kf8 30. Nd3 Qd6 31. Kf2 Kg8 32. Nf4 a6 33. Qe3 Kf7 34. Qd3 g6 35. h4 Nf8 36. Qd2 Qd7 37. Kg2 Qd6 38. Nd3 Nd7 39. h5 g5 40. Nf2 Qe6 41. Nd1 Kg7 42. g4 Nf8 43. Ne3 Qd7 44. Nf5+ Kf7 45. f4 Ne6 46. fxg5 fxg5 47. Qe3 Nf4+ 48. Kf1 Qe6 49. Kf2 Qxe3+ 50. Nxe3 Ke6 51. Nc2 Kd6 52. Ne1 Ne6 53. Nd3 Ke7 54. Kf3 Kd6 55. Ke3 Ke7 56. Ne5 Kd6 57. Nf7+ Ke7 58. Ne5 Kd6 59. Kf3 Kc7 60. Nf7 Kd7 61. Nh6 Ke7 62. Nf5+ Kd7 63. Ke3 Kc7 64. Ne7 Kd7 65. Ng8 Kd6 66. Nf6 Nf8 67. Ne8+ Kd7 1/2-1/2

[Event "BCF-chT4 1516 (4NCL)"]
[Site "England"]
[Date "2016.05.01"]
[Round "10.99"]
[White "Ross, Stuart"]
[Black "Chan, Nevil"]
[Result "0-1"]
[WhiteElo "1652"]
[BlackElo "2040"]
[PlyCount "84"]
[EventDate "2015.11.14"]
[EventType "team-swiss"]
[EventRounds "11"]
[EventCountry "ENG"]
[SourceTitle "EXT 2017"]
[Source "ChessBase"]
[SourceDate "2016.10.25"]
[SourceVersion "1"]
[SourceVersionDate "2016.10.25"]
[SourceQuality "1"]
[WhiteTeam "Shropshire III"]
[BlackTeam "Cambridge III"]
[WhiteTeamCountry "ENG"]
[BlackTeamCountry "ENG"]

1. e4 b6 2. d4 Bb7 3. Bd3 Nf6 4. Nc3 e6 5. Nf3 Bb4 6. Qe2 d5 7. e5 Ne4 8. Bd2 Nxd2 9. Qxd2 Ba6 10. a3 Be7 11. Ne2 Bxd3 12. Qxd3 c5 13. c3 Qc8 14. 0-0 Qa6 15. Qxa6 Nxa6 16. b4 cxd4 17. Nfxd4 Kd7 18. a4 Nb8 19. a5 Nc6 20. Nxc6 Kxc6 21. Nd4+ Kb7 22. a6+ Kc7 23. b5 Rhc8 24. Nc6 Kd7 25. Rfd1 Rxc6 26. bxc6+ Kxc6 27. c4 dxc4 28. Rd4 b5 29. Rad1 c3 30. Rc1 b4 31. Rc4+ Bc5 32. Rb1 Rd8 33. Kf1 Rd5 34. Rbxb4 Rd1+ 35. Ke2 Rd2+ 36. Ke1 Kd5 37. Rxc5+ Kxc5 38. Rf4 Rd7 39. Ra4 c2 40. Ra1 Rd1+ 41. Rxd1 cxd1Q+ 42. Kxd1 Kb6 0-1

[Event "London Crouch op"]
[Site "London"]
[Date "2016.04.03"]
[Round "2"]
[White "Psaila, Clarence"]
[Black "Chan, Nevil"]
[Result "1/2-1/2"]
[WhiteElo "2067"]
[BlackElo "2023"]
[PlyCount "69"]
[EventDate "2016.04.02"]
[EventType "swiss"]
[EventRounds "9"]
[EventCountry "ENG"]
[SourceTitle "CBM 171 Extra"]
[Source "ChessBase"]
[SourceDate "2016.04.26"]
[SourceVersion "1"]
[SourceVersionDate "2016.04.26"]
[SourceQuality "1"]

1. Nf3 b6 2. g3 Bb7 3. Bg2 e6 4. c4 f5 5. 0-0 Nf6 6. b3 Be7 7. Bb2 0-0 8. e3 Qe8 9. Nc3 a6 10. d4 Ne4 11. Nxe4 Bxe4 12. Ne1 Bxg2 13. Kxg2 Bf6 14. Nd3 Nc6 15. Qe2 e5 16. dxe5 Nxe5 17. Nxe5 Bxe5 18. Bxe5 Qxe5 19. Rad1 d6 20. Qf3 Rae8 21. Qd5+ Qxd5+ 22. Rxd5 a5 23. a4 g6 24. Rfd1 Re4 25. R1d4 Rfe8 26. Rxe4 Rxe4 27. Kf3 Kf7 28. Rd4 Rxd4 29. exd4 Ke6 30. h4 h6 31. d5+ Ke5 32. Ke3 f4+ 33. Kf3 fxg3 34. Kxg3 Kf5 35. f4 1/2-1/2

[Event "BCF-chT4 1516 (4NCL)"]
[Site "England"]
[Date "2016.02.14"]
[Round "7.99"]
[White "Littlejohns, David"]
[Black "Chan, Nevil"]
[Result "1/2-1/2"]
[WhiteElo "2006"]
[BlackElo "2040"]
[PlyCount "95"]
[EventDate "2015.11.14"]
[EventType "team-swiss"]
[EventRounds "11"]
[EventCountry "ENG"]
[SourceTitle "EXT 2017"]
[Source "ChessBase"]
[SourceDate "2016.10.25"]
[SourceVersion "1"]
[SourceVersionDate "2016.10.25"]
[SourceQuality "1"]
[WhiteTeam "West is Best II"]
[BlackTeam "Cambridge III"]
[WhiteTeamCountry "ENG"]
[BlackTeamCountry "ENG"]

1. e4 b6 2. d4 Bb7 3. Bd3 e6 4. Nf3 Nf6 5. Qe2 d5 6. e5 Nfd7 7. Bg5 Qc8 8. 0-0 c5 9. c3 Ba6 10. Nbd2 Bxd3 11. Qxd3 c4 12. Qc2 Nc6 13. h3 h6 14. Be3 Ne7 15. Nh2 g6 16. f4 h5 17. Rf2 Nf5 18. Ndf1 h4 19. Ng4 Be7 20. Re2 Kf8 21. Bf2 Kg7 22. Ree1 Qc7 23. Nfe3 Nxe3 24. Nxe3 b5 25. Rf1 Nb6 26. Be1 Qd7 27. Qe2 a5 28. Qg4 Kf8 29. Bd2 Ra7 30. Rae1 Rh5 31. Rf2 Bd8 32. Ref1 Nc8 33. f5 exf5 34. Nxf5 Rxf5 35. Rxf5 gxf5 36. Bh6+ Ke7 37. Qg5+ Ke8 38. Qg8+ Ke7 39. Bf8+ Ke6 40. Rxf5 Qe8 41. Qg4 Qxf8 42. Rf6+ Ke7 43. Qxc8 Rd7 44. Qc6 Qg8 45. Qxb5 Qg3 46. Rxf7+ Kxf7 47. Qxd7+ Kg6 48. Qxd8 1/2-1/2

[Event "BCF-chT2b 1516 (4NCL)"]
[Site "England"]
[Date "2016.02.13"]
[Round "5.12"]
[White "Cocks, Elliot"]
[Black "Chan, Nevil"]
[Result "1/2-1/2"]
[WhiteElo "1892"]
[BlackElo "2039"]
[PlyCount "67"]
[EventDate "2015.11.14"]
[EventType "team-tourn"]
[EventRounds "7"]
[EventCountry "ENG"]
[SourceTitle "CBM 170 Extra"]
[Source "ChessBase"]
[SourceDate "2016.02.25"]
[SourceVersion "1"]
[SourceVersionDate "2016.02.25"]
[SourceQuality "1"]
[WhiteTeam "Anglian Avengers"]
[BlackTeam "Cambridge II"]
[WhiteTeamCountry "ENG"]
[BlackTeamCountry "ENG"]

1. d4 b6 2. c4 Bb7 3. Nc3 e6 4. Nf3 Nf6 5. g3 Be7 6. Bg2 Ne4 7. Nxe4 Bxe4 8. 0-0 0-0 9. b3 d6 10. Bb2 Bf6 11. Rc1 Nd7 12. h4 Qc8 13. Qd2 Qb7 14. Rfd1 Rad8 15. Bc3 Rfe8 16. Qb2 e5 17. d5 a5 18. a3 Nc5 19. Nd2 Bxg2 20. Kxg2 Qc8 21. Qc2 Qg4 22. b4 axb4 23. axb4 Nd7 24. Qe4 Qxe4+ 25. Nxe4 Be7 26. Bb2 Ra8 27. Ra1 Reb8 28. Nc3 Nf6 29. Nb5 Ne8 30. Na7 Kf8 31. Nc6 Rc8 32. Na7 Rcb8 33. Nc6 Rc8 34. Na7 1/2-1/2

[Event "BCF-chT2b 1516 (4NCL)"]
[Site "England"]
[Date "2015.11.15"]
[Round "2.22"]
[White "Chan, Nevil"]
[Black "Verma, Aditya"]
[Result "1/2-1/2"]
[WhiteElo "2045"]
[BlackElo "1873"]
[PlyCount "44"]
[EventDate "2015.11.14"]
[EventType "team-tourn"]
[EventRounds "7"]
[EventCountry "ENG"]
[SourceTitle "CBM 169 Extra"]
[Source "ChessBase"]
[SourceDate "2015.12.18"]
[SourceVersion "1"]
[SourceVersionDate "2015.12.18"]
[SourceQuality "1"]
[WhiteTeam "Cambridge II"]
[BlackTeam "KJCA Kings"]
[WhiteTeamCountry "ENG"]
[BlackTeamCountry "ENG"]

1. d4 d5 2. Nc3 Nf6 3. Bg5 Nbd7 4. Nf3 e6 5. e3 Be7 6. Bd3 a6 7. a4 c5 8. 0-0 0-0 9. Ne5 h6 10. Bh4 Nxe5 11. dxe5 Nd7 12. Bxe7 Qxe7 13. f4 c4 14. Be2 Qc5 15. Qd4 Rb8 16. Bf3 b5 17. axb5 axb5 18. Qxc5 Nxc5 19. Ra5 Bd7 20. Rfa1 Rfc8 21. Ne2 b4 22. Nd4 b3 1/2-1/2

[Event "BCF-chT2c 1415 (4NCL)"]
[Site "England"]
[Date "2015.05.04"]
[Round "11.237"]
[White "Lewyk, Ihor"]
[Black "Chan, Nevil"]
[Result "1/2-1/2"]
[WhiteElo "2054"]
[BlackElo "2030"]
[PlyCount "32"]
[EventDate "2015.03.29"]
[EventType "team-tourn"]
[EventRounds "11"]
[EventCountry "ENG"]
[SourceTitle "EXT 2016"]
[Source "ChessBase"]
[SourceDate "2015.10.08"]
[SourceVersion "1"]
[SourceVersionDate "2015.10.08"]
[SourceQuality "1"]
[WhiteTeam "White Rose II"]
[BlackTeam "Cambridge II"]
[WhiteTeamCountry "ENG"]
[BlackTeamCountry "ENG"]

1. Nf3 Nc6 2. d4 d5 3. e3 Bg4 4. Be2 e6 5. 0-0 Nf6 6. Nbd2 Bd6 7. c4 0-0 8. a3 Nb8 9. c5 Be7 10. Ne5 Bxe2 11. Qxe2 c6 12. b4 Nbd7 13. f4 Ne4 14. Nxe4 dxe4 15. Qc2 Nxe5 16. dxe5 Qd5 1/2-1/2

[Event "BCF-chT3S 1415 (4NCL)"]
[Site "England"]
[Date "2015.02.15"]
[Round "6.167"]
[White "Green, Michael"]
[Black "Chan, Nevil"]
[Result "1/2-1/2"]
[WhiteElo "1869"]
[BlackElo "2015"]
[PlyCount "31"]
[EventDate "2014.11.15"]
[EventType "team-swiss"]
[EventRounds "6"]
[EventCountry "ENG"]
[SourceTitle "EXT 2016"]
[Source "ChessBase"]
[SourceDate "2015.10.08"]
[SourceVersion "1"]
[SourceVersionDate "2015.10.08"]
[SourceQuality "1"]
[WhiteTeam "KJCA Knights"]
[BlackTeam "Cambridge III"]
[WhiteTeamCountry "ENG"]
[BlackTeamCountry "ENG"]

1. e4 Nc6 2. Nc3 Nf6 3. d4 d5 4. e5 Nd7 5. Nge2 Nb6 6. Ng3 Be6 7. Be2 Qd7 8. 0-0 g6 9. f4 Bf5 10. a3 Bg7 11. Nxf5 gxf5 12. Be3 e6 13. b3 a6 14. Bf3 0-0 15. Kh1 Kh8 16. Ne2 1/2-1/2